[Event "BCF-chT 2425 (4NCL)"]
[Site "England"]
[Date "2025.01.26"]
[Round "4.12"]
[White "Palliser, Richard"]
[Black "Speelman, Jonathan S"]
[Result "1/2-1/2"]
[WhiteElo "2369"]
[BlackElo "2497"]
[PlyCount "62"]
[EventDate "2024.11.23"]
[EventType "team-swiss"]
[EventRounds "11"]
[EventCountry "ENG"]
[SourceTitle "CB14_2025"]
[SourceDate "2024.11.01"]
[SourceVersion "1"]
[SourceVersionDate "2024.11.01"]
[SourceQuality "1"]
[WhiteTeam "Chessable White Rose"]
[BlackTeam "Wood Green"]
[WhiteTeamCountry "ENG"]
[BlackTeamCountry "ENG"]

1. e4 c6 2. d4 d5 3. Nc3 dxe4 4. Nxe4 Nf6 5. Nxf6+ exf6 6. Be3 Bd6 7. Bd3 0-0 8. Ne2 Na6 9. a3 Re8 10. 0-0 Nc7 11. c4 f5 12. Re1 Qf6 13. Qd2 Ne6 14. d5 cxd5 15. cxd5 Nc5 16. Bg5 Qg6 17. Nd4 Bd7 18. Bc2 Ne4 19. Bxe4 fxe4 20. Bf4 Rad8 21. Ne2 Bb5 22. Nc3 Bd3 23. Bxd6 Qxd6 24. Qe3 b6 25. Rad1 f5 26. Qd4 Kf7 27. f3 Qf6 28. Qf2 Re7 29. fxe4 fxe4 30. Qe3 Qd6 31. Rd2 Qc5 1/2-1/2

[Event "BCF-ch"]
[Site "Hull"]
[Date "2024.08.04"]
[Round "9"]
[White "Palliser, Richard"]
[Black "Wadsworth, Matthew J"]
[Result "1/2-1/2"]
[WhiteElo "2369"]
[BlackElo "2456"]
[PlyCount "45"]
[EventDate "2024.07.27"]
[EventType "swiss"]
[EventRounds "9"]
[EventCountry "ENG"]
[SourceTitle "CBM 221 Extra"]
[Source "ChessBase"]
[SourceDate "2024.09.30"]
[SourceVersion "1"]
[SourceVersionDate "2024.09.30"]
[SourceQuality "1"]

1. Nf3 d5 2. c4 c6 3. d4 Nf6 4. Nc3 dxc4 5. a4 Bf5 6. Ne5 Nbd7 7. Nxc4 Qc7 8. g3 e5 9. dxe5 Nxe5 10. Bf4 Nfd7 11. Bg2 g5 12. Nxe5 gxf4 13. Nxd7 0-0-0 14. Qd4 Qxd7 15. Qxf4 Bd6 16. Qc1 a5 17. 0-0 Kb8 18. Qg5 Bc7 19. Qf6 Bc2 20. Rfc1 Bb3 21. Ne4 Qd4 22. Qxd4 Rxd4 23. Nc5 1/2-1/2

[Event "BCF-chT 2324 (4NCL)"]
[Site "England"]
[Date "2024.05.06"]
[Round "11.1"]
[White "Palliser, Richard"]
[Black "Erdos, Viktor"]
[Result "0-1"]
[WhiteElo "2377"]
[BlackElo "2546"]
[PlyCount "82"]
[EventDate "2023.11.11"]
[EventType "team-tourn"]
[EventRounds "11"]
[EventCountry "ENG"]
[SourceTitle "EXT 2025"]
[Source "ChessBase"]
[SourceDate "2024.10.14"]
[SourceVersion "1"]
[SourceVersionDate "2024.10.14"]
[SourceQuality "1"]
[WhiteTeam "Chessable White Rose"]
[BlackTeam "Manx Liberty"]
[WhiteTeamCountry "ENG"]
[BlackTeamCountry "ENG"]

1. d4 Nf6 2. c4 e6 3. Nc3 Bb4 4. e3 d5 5. Qa4+ Nc6 6. Nf3 0-0 7. Bd2 Re8 8. Rd1 Bf8 9. Qc2 e5 10. dxe5 Nxe5 11. Nxe5 Rxe5 12. cxd5 Nxd5 13. Nxd5 Bf5 14. Qb3 Qxd5 15. Qxd5 Rxd5 16. Bc4 Rc5 17. Bb3 a5 18. Rc1 Rxc1+ 19. Bxc1 a4 20. Bc4 a3 21. bxa3 Bxa3 22. Bxa3 Rxa3 23. Kd2 b5 24. Bxb5 Rxa2+ 25. Kc3 Rxf2 26. Rf1 Rc2+ 27. Kd4 Be6 28. Rg1 Kf8 29. Bd3 c5+ 30. Ke5 Rc3 31. Be4 Ke7 32. Kf4 Rc4 33. Kf3 f5 34. Bb1 Kf6 35. e4 Rc3+ 36. Kf2 f4 37. e5+ Kxe5 38. Re1+ Re3 39. Rxe3+ fxe3+ 40. Kxe3 h6 41. Bc2 Ba2 0-1

[Event "ENG County-ch Final"]
[Site "Darlington"]
[Date "2022.07.02"]
[Round "1.1"]
[White "Palliser, Richard"]
[Black "Gormally, Daniel"]
[Result "0-1"]
[WhiteElo "2399"]
[BlackElo "2463"]
[PlyCount "100"]
[EventDate "2022.07.02"]
[EventType "team-match"]
[EventRounds "1"]
[EventCountry "ENG"]
[SourceTitle "CBM 209 Extra"]
[Source "ChessBase"]
[SourceDate "2022.09.30"]
[SourceVersion "1"]
[SourceVersionDate "2022.09.30"]
[SourceQuality "1"]
[WhiteTeam "Yorkshire"]
[BlackTeam "Northumberland"]
[WhiteTeamCountry "ENG"]
[BlackTeamCountry "ENG"]

1. c4 c6 2. e4 d5 3. cxd5 cxd5 4. exd5 Nf6 5. Qa4+ Nbd7 6. Nc3 g6 7. Nf3 Bg7 8. Bc4 0-0 9. d3 a6 10. Bb3 Nc5 11. Qc4 Nxb3 12. Qxb3 b5 13. a4 Bb7 14. axb5 Nxd5 15. Ne4 axb5 16. Rxa8 Qxa8 17. 0-0 Qa4 18. Qxa4 bxa4 19. Nc5 Bc6 20. d4 Rb8 21. Rd1 Rb4 22. Nd3 Rb3 23. Nc5 Rb6 24. h4 h6 25. Ne5 Be8 26. f4 h5 27. Kf2 e6 28. g3 Bf8 29. Ned3 Bb5 30. Bd2 Bxd3 31. Nxd3 Bg7 32. Be3 Rb3 33. Rd2 Ne7 34. Nc5 Rb4 35. Nd3 Rc4 36. Ne5 Rc8 37. Ke2 Nf5 38. Bf2 Rb8 39. Rc2 Bxe5 40. dxe5 Rb3 41. Bc5 Nxg3+ 42. Kd1 Nf5 43. Kc1 Rh3 44. Rc4 Rxh4 45. Rxa4 g5 46. Bb6 Rh1+ 47. Kd2 g4 48. Ra8+ Kh7 49. Bd8 g3 50. Bf6 Ng7 0-1

[Event "BCF-chT 2122 (4NCL)"]
[Site "England"]
[Date "2022.05.02"]
[Round "9.15"]
[White "Cyborowski, Lukasz"]
[Black "Palliser, Richard"]
[Result "1/2-1/2"]
[WhiteElo "2494"]
[BlackElo "2413"]
[PlyCount "80"]
[EventDate "2021.11.27"]
[EventType "team-swiss"]
[EventRounds "11"]
[EventCountry "ENG"]
[SourceTitle "EXT 2023"]
[Source "ChessBase"]
[SourceDate "2022.10.05"]
[SourceVersion "1"]
[SourceVersionDate "2022.10.05"]
[SourceQuality "1"]
[WhiteTeam "Chess.com Manx Liberty"]
[BlackTeam "Chessable White Rose"]
[WhiteTeamCountry "ENG"]
[BlackTeamCountry "ENG"]

1. c4 g6 2. Nc3 Bg7 3. Nf3 d6 4. g3 c5 5. d4 cxd4 6. Nxd4 Nc6 7. Nxc6 bxc6 8. Bg2 Bd7 9. 0-0 Rb8 10. Qc2 h5 11. h3 Qc8 12. Kh2 Qc7 13. Bf4 Qa5 14. Bd2 Nf6 15. Nd5 Qd8 16. Nxf6+ Bxf6 17. Bc3 Bxc3 18. Qxc3 0-0 19. b4 a5 20. a3 axb4 21. axb4 Qb6 22. Rab1 Bf5 23. Rb2 Rfd8 24. Rd1 d5 25. cxd5 cxd5 26. e3 Rdc8 27. Qe5 e6 28. Rd4 Qd8 29. e4 f6 30. Qf4 e5 31. Qh6 exd4 32. exf5 g5 33. Qg6+ Kf8 34. Qh6+ Kg8 35. Qg6+ Kf8 36. Re2 Rc7 37. Re6 Rf7 38. Qxh5 Kg8 39. Qe2 Kg7 40. Qh5 Kg8 1/2-1/2

[Event "Checkmate Covid Rematch"]
[Site "Chess.com INT"]
[Date "2021.06.05"]
[Round "?"]
[White "Palliser, Richard"]
[Black "Starley, Robert"]
[Result "1/2-1/2"]
[WhiteElo "2412"]
[BlackElo "2084"]
[PlyCount "89"]
[EventDate "2021.06.05"]
[EventType "swiss (blitz)"]
[EventRounds "20"]
[EventCountry "ENG"]
[SourceTitle "CBM 202 Extra"]
[Source "ChessBase"]
[SourceDate "2021.07.31"]
[SourceVersion "1"]
[SourceVersionDate "2021.07.31"]
[SourceQuality "1"]

1. d4 Nf6 2. Bg5 d5 3. Bxf6 exf6 4. e3 c6 5. c4 Qb6 6. Qb3 Bb4+ 7. Nc3 dxc4 8. Bxc4 0-0 9. Nge2 Bf5 10. 0-0 Nd7 11. Ng3 Bg6 12. f4 Bxc3 13. bxc3 h6 14. f5 Bh7 15. Rae1 Rae8 16. e4 Qxb3 17. axb3 Nb6 18. Bd3 Rd8 19. Ra1 a6 20. b4 Rfe8 21. Rfe1 Kh8 22. Nf1 Na8 23. Nd2 Nc7 24. Nb3 Nb5 25. Bxb5 axb5 26. Ra7 Re7 27. Kf2 Rde8 28. g4 Rxe4 29. Rxe4 Rxe4 30. h3 Re7 31. Nc5 g6 32. fxg6 fxg6 33. Rxb7 Rxb7 34. Nxb7 Bg8 35. Ke3 Bd5 36. Kf4 Kg7 37. h4 Kf7 38. g5 hxg5+ 39. hxg5 f5 40. Ke5 Ke7 41. Nc5 Bc4 42. Na6 Bd5 43. Nc5 Bc4 44. Nb7 Bd5 45. Nc5 1/2-1/2

[Event "Checkmate Covid Rematch"]
[Site "Chess.com INT"]
[Date "2021.06.05"]
[Round "?"]
[White "Williams, Simon Kim"]
[Black "Palliser, Richard"]
[Result "1-0"]
[WhiteElo "2464"]
[BlackElo "2412"]
[PlyCount "57"]
[EventDate "2021.06.05"]
[EventType "swiss (blitz)"]
[EventRounds "20"]
[EventCountry "ENG"]
[SourceTitle "CBM 202 Extra"]
[Source "ChessBase"]
[SourceDate "2021.07.31"]
[SourceVersion "1"]
[SourceVersionDate "2021.07.31"]
[SourceQuality "1"]

1. e4 c5 2. b4 cxb4 3. a3 e5 4. Nf3 Nf6 5. Nxe5 Nc6 6. Bb2 Nxe5 7. Bxe5 Qe7 8. Bxf6 Qxf6 9. d4 bxa3 10. Bc4 Be7 11. Nc3 Bb4 12. Qd3 0-0 13. 0-0 Bxc3 14. Qxc3 Qg6 15. Bd5 d6 16. Rxa3 Be6 17. Bxb7 Rab8 18. Rxa7 d5 19. Qg3 Qf6 20. exd5 Bf5 21. Qe5 Qg6 22. Bc6 Bxc2 23. h4 Bd3 24. Re1 h6 25. h5 Qg4 26. d6 Rb4 27. Ra4 Rb2 28. Qg3 Qxh5 29. Qxd3 1-0

[Event "PRO League Stage"]
[Site "Chess.com INT"]
[Date "2020.01.20"]
[Round "3"]
[White "Nakamura, Hikaru"]
[Black "Palliser, Richard"]
[Result "1-0"]
[WhiteElo "2736"]
[BlackElo "2399"]
[PlyCount "51"]
[EventDate "2020.01.06"]
[EventType "team-swiss (rapid)"]
[EventRounds "7"]
[EventCountry "USA"]
[SourceTitle "CBM 194 Extra"]
[Source "ChessBase"]
[SourceDate "2020.03.31"]
[SourceVersion "1"]
[SourceVersionDate "2020.03.31"]
[SourceQuality "1"]
[WhiteTeam "New York Marshalls"]
[BlackTeam "UK Lions"]
[WhiteTeamCountry "USA"]
[BlackTeamCountry "ENG"]

1. Nf3 c5 2. b3 d6 3. e4 Nf6 4. e5 dxe5 5. Nxe5 g6 6. Bb2 Bg7 7. Bb5+ Nbd7 8. Bxd7+ Bxd7 9. 0-0 0-0 10. Re1 Be6 11. d3 Qc7 12. Nd2 b6 13. Ndf3 Bd5 14. d4 cxd4 15. Nxd4 Rad8 16. Qe2 Rfe8 17. Rad1 Qb7 18. f3 Qc7 19. c4 Bb7 20. Nxf7 Kxf7 21. Ne6 Rxd1 22. Nxc7 Rxe1+ 23. Qxe1 Rc8 24. Qe6+ Kf8 25. Nd5 Bxd5 26. Qxc8+ 1-0

[Event "Hull 4NCL GM"]
[Site "Hull"]
[Date "2019.11.03"]
[Round "8"]
[White "Palliser, Richard"]
[Black "Greet, Andrew"]
[Result "0-1"]
[WhiteElo "2413"]
[BlackElo "2414"]
[PlyCount "90"]
[EventDate "2019.10.30"]
[EventType "tourn"]
[EventRounds "9"]
[EventCountry "ENG"]
[EventCategory "9"]
[SourceTitle "CBM 192 Extra"]
[Source "Chessbase"]
[SourceDate "2019.11.06"]
[SourceVersion "1"]
[SourceVersionDate "2019.11.06"]
[SourceQuality "1"]

1. d4 d5 2. c4 e6 3. Nc3 Bb4 4. a3 Bxc3+ 5. bxc3 Nf6 6. cxd5 exd5 7. e3 Bf5 8. Ne2 Nbd7 9. f3 h5 10. Nf4 g5 11. Bd3 Bxd3 12. Nxd3 Qe7 13. 0-0 g4 14. Nf4 Nb6 15. Kh1 c6 16. Qd3 h4 17. Ra2 h3 18. fxg4 hxg2+ 19. Rxg2 Ne4 20. Nh5 Nc4 21. Ng7+ Kd7 22. Nf5 Qe6 23. Qd1 Rh7 24. h4 Rg8 25. Kg1 Nxc3 26. Qb3 Nb5 27. e4 Qxe4 28. Nh6 Rgh8 29. h5 Qxd4+ 30. Kh2 Nbd6 31. g5 Qh4+ 32. Qh3+ Qxh3+ 33. Kxh3 Ne4 34. Rxf7+ Rxf7 35. Nxf7 Rxh5+ 36. Kg4 Rh1 37. Bf4 Ke7 38. g6 Kf6 39. Kf3 Rh3+ 40. Kg4 Rxa3 41. Kh4 Ra1 42. g7 Rh1+ 43. Bh2 Rxh2+ 44. Rxh2 Kxf7 45. Rg2 Nf6 0-1

[Event "Hull 4NCL GM"]
[Site "Hull"]
[Date "2019.11.01"]
[Round "5"]
[White "Palliser, Richard"]
[Black "Plat, Vojtech"]
[Result "0-1"]
[WhiteElo "2413"]
[BlackElo "2570"]
[PlyCount "94"]
[EventDate "2019.10.30"]
[EventType "tourn"]
[EventRounds "9"]
[EventCountry "ENG"]
[EventCategory "9"]
[SourceTitle "CBM 192 Extra"]
[Source "Chessbase"]
[SourceDate "2019.11.06"]
[SourceVersion "1"]
[SourceVersionDate "2019.11.06"]
[SourceQuality "1"]

1. d4 d6 2. Nf3 Bg4 3. e4 Nd7 4. Nc3 c6 5. h3 Bxf3 6. Qxf3 e5 7. Be3 g6 8. dxe5 dxe5 9. 0-0-0 Qf6 10. Qg4 Qe6 11. Bc4 Qxg4 12. hxg4 Nb6 13. Bb3 Nf6 14. Rh4 h5 15. Rdh1 Rg8 16. g5 Ng4 17. Bd2 Bc5 18. Nd1 Rd8 19. Rf1 Be7 20. Rh3 Rxd2 21. Kxd2 Bxg5+ 22. Ke2 Ke7 23. Rd3 Nf6 24. g3 Nbd7 25. f4 Bh6 26. Rdf3 exf4 27. gxf4 Ng4 28. Rh3 Nc5 29. Ne3 Nxe3 30. Rxe3 Rd8 31. c3 a5 32. Bc2 Ne6 33. Ref3 f6 34. Bb3 Nc5 35. Bc2 h4 36. Rg1 Ne6 37. Rgf1 g5 38. fxg5 Bxg5 39. Bd3 b6 40. Rf5 Ng7 41. R5f3 Nh5 42. Kf2 Bf4 43. Rd1 Bd6 44. Rf5 Rh8 45. Be2 Ng3 46. Rf3 Nxe4+ 47. Ke3 Ng3 0-1

[Event "Hull 4NCL GM"]
[Site "Hull"]
[Date "2019.11.01"]
[Round "4"]
[White "Turner, Matthew"]
[Black "Palliser, Richard"]
[Result "1-0"]
[WhiteElo "2517"]
[BlackElo "2413"]
[PlyCount "49"]
[EventDate "2019.10.30"]
[EventType "tourn"]
[EventRounds "9"]
[EventCountry "ENG"]
[EventCategory "9"]
[SourceTitle "CBM 192 Extra"]
[Source "Chessbase"]
[SourceDate "2019.11.06"]
[SourceVersion "1"]
[SourceVersionDate "2019.11.06"]
[SourceQuality "1"]

1. d4 Nf6 2. Nc3 d5 3. Bf4 e6 4. e3 Bb4 5. Nge2 0-0 6. a3 Bd6 7. g3 b6 8. Bg2 Bb7 9. 0-0 Be7 10. h3 Nh5 11. e4 Nxf4 12. Nxf4 dxe4 13. Nxe4 Nd7 14. Re1 Rb8 15. c3 Re8 16. Qe2 c5 17. Rad1 cxd4 18. cxd4 Bf8 19. Qb5 a6 20. Qb3 b5 21. h4 Qa5 22. Ng5 Bxg2 23. Kxg2 b4 24. d5 bxa3 25. Qc2 1-0

[Event "Hull 4NCL GM"]
[Site "Hull"]
[Date "2019.10.31"]
[Round "3"]
[White "Palliser, Richard"]
[Black "Harvey, Marcus Ross"]
[Result "0-1"]
[WhiteElo "2413"]
[BlackElo "2405"]
[PlyCount "72"]
[EventDate "2019.10.30"]
[EventType "tourn"]
[EventRounds "9"]
[EventCountry "ENG"]
[EventCategory "9"]
[SourceTitle "CBM 192 Extra"]
[Source "Chessbase"]
[SourceDate "2019.11.06"]
[SourceVersion "1"]
[SourceVersionDate "2019.11.06"]
[SourceQuality "1"]

1. e4 e6 2. d4 d5 3. Nc3 Nf6 4. e5 Nfd7 5. f4 c5 6. Nf3 Nc6 7. Be3 a6 8. Qd2 Qb6 9. 0-0-0 Qa5 10. dxc5 Bxc5 11. Nd4 Nxd4 12. Bxd4 b5 13. Kb1 b4 14. Ne2 Bb7 15. g4 Nb6 16. f5 0-0-0 17. Nf4 Nc4 18. Qf2 Bxd4 19. Qxd4 g5 20. Nd3 Qc7 21. h4 h6 22. hxg5 hxg5 23. Rxh8 Rxh8 24. Nxb4 Qxe5 25. Qc5+ Qc7 26. Qa7 Qb8 27. Qc5+ Qc7 28. Qa7 Qd6 29. a3 Rh1 30. fxe6 fxe6 31. Qd4 Qf4 32. Qxf4 gxf4 33. Be2 Rh2 34. Bd3 f3 35. Re1 a5 36. Na2 f2 0-1

[Event "Hull 4NCL GM"]
[Site "Hull"]
[Date "2019.10.30"]
[Round "1"]
[White "Palliser, Richard"]
[Black "Haria, Ravi"]
[Result "0-1"]
[WhiteElo "2413"]
[BlackElo "2451"]
[PlyCount "78"]
[EventDate "2019.10.30"]
[EventType "tourn"]
[EventRounds "9"]
[EventCountry "ENG"]
[EventCategory "9"]
[SourceTitle "CBM 192 Extra"]
[Source "Chessbase"]
[SourceDate "2019.11.06"]
[SourceVersion "1"]
[SourceVersionDate "2019.11.06"]
[SourceQuality "1"]

1. d4 e6 2. c4 d5 3. Nc3 c6 4. Nf3 dxc4 5. e3 b5 6. a4 Bb4 7. Bd2 a5 8. axb5 Bxc3 9. Bxc3 cxb5 10. b3 Bb7 11. d5 Nf6 12. bxc4 b4 13. Bxf6 Qxf6 14. Qa4+ Nd7 15. Nd4 Qe7 16. Qb5 Rb8 17. Qxa5 0-0 18. Rb1 exd5 19. Qxb4 Qe4 20. Nb5 Ba6 21. cxd5 Qg6 22. h4 Rb6 23. h5 Qc2 24. Rh4 Bxb5 25. Bxb5 Rfb8 26. Rc4 Rxb5 27. Rxc2 Rxb4 28. Rxb4 Rxb4 29. Rc8+ Nf8 30. d6 Rb7 31. e4 f6 32. f4 Rd7 33. e5 fxe5 34. fxe5 Kf7 35. Kf2 Ne6 36. Ke3 Rd8 37. Rc2 Nf8 38. Rc7+ Nd7 39. Kf4 Ke6 0-1

[Event "BCF-chT1c 1819 (4NCL) Promotion pool"]
[Site "England"]
[Date "2019.05.04"]
[Round "9.43"]
[White "Fodor, Tamas Jr"]
[Black "Palliser, Richard"]
[Result "1-0"]
[WhiteElo "2529"]
[BlackElo "2411"]
[PlyCount "65"]
[EventDate "2018.11.10"]
[EventType "team-tourn"]
[EventRounds "11"]
[EventCountry "ENG"]
[SourceTitle "CBM 190 Extra"]
[Source "ChessBase"]
[SourceDate "2019.07.15"]
[SourceVersion "1"]
[SourceVersionDate "2019.07.15"]
[SourceQuality "1"]
[WhiteTeam "Cheddleton"]
[BlackTeam "White Rose"]
[WhiteTeamCountry "ENG"]
[BlackTeamCountry "ENG"]

1. e4 c5 2. Nf3 d6 3. c3 Nf6 4. Be2 Bd7 5. Qc2 Qc7 6. a4 g6 7. 0-0 Bg7 8. h3 0-0 9. Re1 Nc6 10. Na3 Na5 11. d3 a6 12. Bf4 b5 13. axb5 axb5 14. d4 c4 15. Nd2 e5 16. Be3 exd4 17. Bxd4 Rfe8 18. Bf3 Rab8 19. b3 cxb3 20. Nxb3 Nc6 21. Rab1 Ne5 22. Be2 d5 23. Nc5 Nxe4 24. Na6 Qa5 25. Nxb8 Rxb8 26. Qb2 Bf5 27. Nxb5 Nd6 28. Qb4 Qd8 29. Rbd1 Ne4 30. Qa3 Bf8 31. Qc1 Nc6 32. Be3 Qf6 33. Rxd5 1-0

[Event "BCF-chT1c 1819 (4NCL) Promotion pool"]
[Site "England"]
[Date "2019.03.17"]
[Round "8.42"]
[White "Cyborowski, Lukasz"]
[Black "Palliser, Richard"]
[Result "1/2-1/2"]
[WhiteElo "2522"]
[BlackElo "2410"]
[PlyCount "103"]
[EventDate "2018.11.10"]
[EventType "team-tourn"]
[EventRounds "11"]
[EventCountry "ENG"]
[SourceTitle "CBM 189 Extra"]
[Source "ChessBase"]
[SourceDate "2019.05.31"]
[SourceVersion "1"]
[SourceVersionDate "2019.05.31"]
[SourceQuality "1"]
[WhiteTeam "Manx Liberty"]
[BlackTeam "White Rose"]
[WhiteTeamCountry "ENG"]
[BlackTeamCountry "ENG"]

1. Nf3 Nf6 2. d4 g6 3. Nbd2 Bg7 4. e4 d6 5. Bd3 0-0 6. 0-0 Nc6 7. c3 e5 8. Re1 Nh5 9. Nb3 a5 10. a4 Bd7 11. Bg5 f6 12. Be3 Qe8 13. Nbd2 Nd8 14. Qb3+ Kh8 15. Bb5 Qe7 16. Bxd7 Qxd7 17. Qb5 Qe7 18. Nc4 exd4 19. Bxd4 Nf4 20. Rad1 Qe6 21. h3 c6 22. Qb3 b5 23. Ncd2 Qxb3 24. Nxb3 bxa4 25. Nc1 Nde6 26. Be3 d5 27. Bxf4 Nxf4 28. g3 Nxh3+ 29. Kg2 Ng5 30. exd5 Nxf3 31. Kxf3 cxd5 32. Rxd5 f5 33. Nd3 Rfd8 34. Rxd8+ Rxd8 35. Nc5 a3 36. bxa3 Bxc3 37. Re3 Bd4 38. Rd3 Bf6 39. Rb3 Rd5 40. Ne6 Kg8 41. Nf4 Rc5 42. Rb8+ Kf7 43. Rb7+ Be7 44. a4 g5 45. Nd3 Rc3 46. Ke3 Ra3 47. Kd4 Rxa4+ 48. Kd5 f4 49. Ne5+ Kf6 50. Rb6+ Kg7 51. Rb7 Kf6 52. Rb6+ 1/2-1/2

[Event "BCF-chT1a 1819 (4NCL)"]
[Site "England"]
[Date "2019.02.10"]
[Round "6.14"]
[White "Edouard, Romain"]
[Black "Palliser, Richard"]
[Result "1-0"]
[WhiteElo "2636"]
[BlackElo "2414"]
[PlyCount "117"]
[EventDate "2018.11.10"]
[EventType "team-tourn"]
[EventRounds "7"]
[EventCountry "ENG"]
[SourceTitle "CBM 188 Extra"]
[Source "ChessBase"]
[SourceDate "2019.02.28"]
[SourceVersion "1"]
[SourceVersionDate "2019.02.28"]
[SourceQuality "1"]
[WhiteTeam "Guildford"]
[BlackTeam "White Rose"]
[WhiteTeamCountry "ENG"]
[BlackTeamCountry "ENG"]

1. e4 c5 2. Nf3 d6 3. Bb5+ Bd7 4. Bxd7+ Qxd7 5. 0-0 Nf6 6. Qe2 Nc6 7. Rd1 g5 8. c3 g4 9. Nh4 0-0-0 10. d4 d5 11. e5 Ne4 12. Bf4 Rg8 13. dxc5 Nxc5 14. b4 Ne6 15. Bg3 Bh6 16. Nf5 Nf4 17. Qc2 Ne2+ 18. Qxe2 Qxf5 19. b5 Na5 20. Na3 e6 21. Rd4 Bf8 22. Ra4 Bxa3 23. Rxa3 Nc4 24. Rxa7 Kb8 25. Ra4 Qg5 26. f4 gxf3 27. Qxf3 Rd7 28. Re1 h5 29. Qf2 b6 30. Ra6 Kb7 31. a4 Ra8 32. Bh4 Qg8 33. Rxa8 Qxa8 34. Qc2 Qh8 35. Qe2 Rc7 36. h3 Qh6 37. Qf2 Qd2 38. Qf3 Qh6 39. Bf2 Qg6 40. Bd4 Rc8 41. Rf1 Rc7 42. Qe2 Qg5 43. Rf2 Qg6 44. Qf1 Qh7 45. Kh2 Qg8 46. Rf6 Nd2 47. Qd3 Ne4 48. Rf4 Qg6 49. Qe3 Rc4 50. Qf3 Rc7 51. Rh4 Rc4 52. Rf4 Rc7 53. Qe3 Rc4 54. Rf3 h4 55. Qf4 Ng5 56. Rf1 Rxa4 57. Qxh4 Ra2 58. Qg4 Qd3 59. Rf4 1-0

[Event "BCF-chT1a 1819 (4NCL)"]
[Site "England"]
[Date "2019.01.12"]
[Round "3.41"]
[White "Palliser, Richard"]
[Black "Rudd, Jack"]
[Result "1/2-1/2"]
[WhiteElo "2418"]
[BlackElo "2234"]
[PlyCount "89"]
[EventDate "2018.11.10"]
[EventType "team-tourn"]
[EventRounds "7"]
[EventCountry "ENG"]
[SourceTitle "CBM 188 Extra"]
[Source "ChessBase"]
[SourceDate "2019.02.28"]
[SourceVersion "1"]
[SourceVersionDate "2019.02.28"]
[SourceQuality "1"]
[WhiteTeam "White Rose"]
[BlackTeam "West is Best"]
[WhiteTeamCountry "ENG"]
[BlackTeamCountry "ENG"]

1. d4 d5 2. Bf4 c5 3. e3 Nc6 4. c3 Nf6 5. Nd2 Bf5 6. Qb3 Qc8 7. Ngf3 c4 8. Qa4 a6 9. Be2 b5 10. Qd1 h6 11. Ne5 e6 12. 0-0 Be7 13. Bf3 0-0 14. Re1 Ne4 15. Bxe4 dxe4 16. a4 Qb7 17. Nxc6 Qxc6 18. b4 cxb3 19. Qxb3 Rfc8 20. Rec1 b4 21. c4 a5 22. c5 g5 23. Bg3 h5 24. Nc4 h4 25. Bd6 Bd8 26. Qd1 Kg7 27. h3 f6 28. Bh2 Bg6 29. Nd6 Rc7 30. Qe2 Qd5 31. Qb5 Re7 32. c6 Bc7 33. Qxd5 exd5 34. Rc5 Rd8 35. Rxd5 Re6 36. Nf5+ Bxf5 37. Rxf5 Bxh2+ 38. Kxh2 Rxc6 39. Rxa5 Rc2 40. Rb1 Rxf2 41. Rxb4 Re2 42. Rb3 Rc8 43. Rc5 Ra8 44. a5 Ra2 45. Rbb5 1/2-1/2

[Event "GBR-ch 105th"]
[Site "Hull"]
[Date "2018.08.01"]
[Round "5"]
[White "Gormally, Daniel"]
[Black "Palliser, Richard"]
[Result "1/2-1/2"]
[WhiteElo "2478"]
[BlackElo "2418"]
[PlyCount "71"]
[EventDate "2018.07.28"]
[EventType "swiss"]
[EventRounds "9"]
[EventCountry "ENG"]
[SourceTitle "CBM 185 Extra"]
[Source "ChessBase"]
[SourceDate "2018.07.29"]
[SourceVersion "1"]
[SourceVersionDate "2018.07.29"]
[SourceQuality "1"]

1. e4 c6 2. d4 d5 3. e5 Bf5 4. Nf3 e6 5. Be2 Nd7 6. 0-0 Bg6 7. Nc3 Ne7 8. Rb1 Nc8 9. b4 Be7 10. h3 0-0 11. Bd3 Ncb6 12. Ne2 Bxd3 13. cxd3 a5 14. b5 c5 15. dxc5 Nxc5 16. Be3 Qd7 17. Qd2 Nca4 18. Rfc1 Ba3 19. Rc2 Rfc8 20. Rxc8+ Qxc8 21. Qd1 Qf8 22. Bd2 Nc5 23. Nf4 Ncd7 24. Bc3 Bb4 25. Bxb4 axb4 26. Qd2 Qc5 27. Ne2 Qxb5 28. Rxb4 Qa5 29. Nc1 Rc8 30. Nb3 Qa3 31. Rg4 Qe7 32. a4 Nf8 33. h4 Nbd7 34. Rb4 Rc2 35. Qxc2 Qxb4 36. a5 1/2-1/2

[Event "GBR-ch 105th"]
[Site "Hull"]
[Date "2018.07.30"]
[Round "3"]
[White "Price, Gwilym"]
[Black "Palliser, Richard"]
[Result "0-1"]
[WhiteElo "2085"]
[BlackElo "2418"]
[PlyCount "64"]
[EventDate "2018.07.28"]
[EventType "swiss"]
[EventRounds "9"]
[EventCountry "ENG"]
[SourceTitle "CBM 185 Extra"]
[Source "ChessBase"]
[SourceDate "2018.07.29"]
[SourceVersion "1"]
[SourceVersionDate "2018.07.29"]
[SourceQuality "1"]

1. e4 c6 2. d4 d5 3. e5 Bf5 4. h4 h5 5. Bd3 Bxd3 6. Qxd3 Qa5+ 7. Nd2 e6 8. Ngf3 Nh6 9. 0-0 Qa6 10. c4 Nd7 11. Qc3 Nf5 12. a4 Be7 13. g3 c5 14. cxd5 exd5 15. dxc5 Nxc5 16. b4 Qd3 17. Qa3 Qxa3 18. Bxa3 Nxa4 19. Rfc1 b5 20. Nb3 a6 21. Nc5 Nxc5 22. bxc5 Rh6 23. c6 Rc8 24. Bxe7 Nxe7 25. Rxa6 Rhxc6 26. Raxc6 Rxc6 27. Rb1 Rb6 28. Nd4 b4 29. f4 Kd7 30. Kf2 Nc6 31. Nxc6 Kxc6 32. Ke3 b3 0-1

[Event "GBR-ch 105th"]
[Site "Hull"]
[Date "2018.07.29"]
[Round "2"]
[White "Palliser, Richard"]
[Black "Jamroz, Krzysztof"]
[Result "1-0"]
[WhiteElo "2418"]
[BlackElo "2026"]
[PlyCount "67"]
[EventDate "2018.07.28"]
[EventType "swiss"]
[EventRounds "9"]
[EventCountry "ENG"]
[SourceTitle "CBM 185 Extra"]
[Source "ChessBase"]
[SourceDate "2018.07.29"]
[SourceVersion "1"]
[SourceVersionDate "2018.07.29"]
[SourceQuality "1"]

1. d4 e6 2. c4 Bb4+ 3. Nd2 b6 4. Qb3 Nc6 5. d5 Nd4 6. Qd3 c5 7. a3 Bxd2+ 8. Bxd2 d6 9. e3 Nf5 10. dxe6 fxe6 11. Bc3 Nf6 12. 0-0-0 Bb7 13. f3 Ke7 14. g4 Nh4 15. e4 Rf8 16. Qe3 e5 17. Bxe5 dxe5 18. Rxd8 Raxd8 19. Qg5 Ng6 20. h4 Nf4 21. Qxe5+ Ne6 22. Ne2 Nd7 23. Qc3 Nb8 24. Qe3 Nc6 25. f4 Ncd4 26. f5 Nxe2+ 27. Bxe2 Nd4 28. Re1 Rfe8 29. e5 Kf8 30. e6 Re7 31. Bd3 Bc6 32. Kb1 Ba4 33. Be4 Bb3 34. Qg5 1-0